P1HARMONY K-POP LYRIC “Fall In Love Again” - Statistics

General Stats
  • This quiz has been taken 12 times
  • The average score is 309 of 367
Answer Stats
% Correct
100%
100%
100%
100%
100%
100%
100%
100%
100%
100%
100%
100%
100%
100%
100%
100%
100%
100%
92%
92%
92%
92%
92%
92%
92%
92%
92%
83%
83%
83%
83%
83%
83%
83%
83%
83%
75%
75%
75%
75%
75%
75%
75%
75%
75%
67%
67%
67%
67%
67%
67%
67%
67%
67%
67%
67%
67%
67%
67%
67%
67%
58%
58%
58%
58%
58%
58%
58%
58%
58%
58%
58%
50%
50%
50%
50%
50%
50%
50%
50%
50%
50%
50%
42%
42%
42%
42%
42%
42%
42%
42%
42%
42%
33%
33%
33%
33%
33%
33%
33%
33%
25%
25%
25%
25%
No matching quizzes found
Score Distribution
Percent of People with Each Score
Percentile by Number Answered
Your Score History
You have not taken this quiz